[Event "?"]
[Site "ICS rated blitz match, 164.58"]
[Date "1997.??.??"]
[Round "?"]
[White "Brause"]
[Black "oldtimer"]
[Result "0-1"]
[WhiteElo "2345"]
[BlackElo "2280"]
[PlyCount "154"]

1. e4 e5 2. Nf3 Nc6 3. Nc3 Nf6 4. Nxe5 Nxe5 5. d4 Ng6 6. e5 Ng8 7. Bc4 d5 8.
Bxd5 c6 9. Be4 f5 10. Bf3 Bb4 11. O-O N8e7 12. Ne2 Be6 13. c3 Ba5 14. Nf4 Nxf4
15. Bxf4 O-O 16. Bg5 h6 17. Bd2 Bb6 18. g3 Qc7 19. Bg2 c5 20. dxc5 Bxc5 21. b4
Bb6 22. Re1 Rad8 23. Qc1 Kh7 24. a4 a6 25. a5 Ba7 26. Ra3 Bd5 27. Re2 Bxg2 28.
Kxg2 Qc4 29. Qe1 Rfe8 30. e6 Ng6 31. h4 Re7 32. f3 Rde8 33. Ra1 Rxe6 34. Rxe6
Rxe6 35. Qf1 Qe2+ 36. Qxe2 Rxe2+ 37. Kh3 Rxd2 38. Re1 Rd7 39. h5 Ne7 40. Re5
Kg8 41. Kg2 Kf7 42. c4 Bd4 43. Re1 Bc3 44. Rb1 Rd2+ 45. Kf1 Rb2 46. Rxb2 Bxb2
47. b5 Bc3 48. bxa6 bxa6 49. Ke2 Bxa5 50. g4 Ke6 51. Kd3 Ke5 52. gxf5 Nxf5 53.
c5 Kd5 54. c6 Bc7 55. Kc3 Nd6 56. Kc2 Kxc6 57. Kd3 Kd5 58. Ke2 Kd4 59. f4 Ke4
60. Kd2 Ba5+ 61. Ke2 Nf5 62. Kd1 Kd3 63. Kc1 Bc3 64. Kb1 Nd6 65. Ka2 Nc4 66. f5
Kc2 67. f6 Nd6 68. fxg7 Bxg7 69. Ka3 Bc3 70. Ka4 Nc8 71. Ka3 Nb6 72. Ka2 Bb4
73. Ka1 Ba3 74. Ka2 Bc1 75. Ka1 Nd5 76. Ka2 Nc3+ 77. Ka1 Bb2# 0-1

[Event "?"]
[Site "ICS rated blitz match, 164.58"]
[Date "1997.??.??"]
[Round "?"]
[White "Brause"]
[Black "oldtimer"]
[Result "0-1"]
[WhiteElo "2335"]
[BlackElo "2290"]
[PlyCount "180"]

1. e4 e5 2. Nf3 Nc6 3. Nc3 Nf6 4. Nxe5 Nxe5 5. d4 Ng6 6. e5 Ng8 7. Bc4 d5 8.
Bxd5 c6 9. Be4 f5 10. Bf3 Bb4 11. O-O N8e7 12. Ne2 Be6 13. c3 Ba5 14. Nf4 Nxf4
15. Bxf4 O-O 16. Bg5 h6 17. Bd2 Bb6 18. g3 Qc7 19. Bg2 c5 20. dxc5 Bxc5 21. b4
Bb6 22. Re1 Rad8 23. Qc1 Kh7 24. a4 a6 25. a5 Ba7 26. Ra3 Bd5 27. Re2 Bxg2 28.
Kxg2 Qc4 29. Qe1 Rfe8 30. e6 Ng6 31. h4 Re7 32. f3 Rde8 33. h5 Nf8 34. Qf1 Rxe6
35. Rxe6 Qxe6 36. Bf4 Qe2+ 37. Qxe2 Rxe2+ 38. Kf1 Re8 39. Ra1 Kg8 40. Re1 Rxe1+
41. Kxe1 Nd7 42. Bd2 Kf7 43. Ke2 Ne5 44. Bc1 Ke6 45. Bd2 Kd5 46. Be1 Kc4 47.
Bd2 Nd7 48. g4 fxg4 49. fxg4 Nf6 50. Kf3 Kd3 51. Bf4 Kxc3 52. Bd6 Kd3 53. Bf8
Be3 54. Bxg7 Ne4 55. Bf8 Nd2+ 56. Kg2 Ke4 57. Bg7 Bg5 58. Bc3 Nf3 59. Kh3 Ne5
60. Kg3 Nc6 61. Kg2 Kf4 62. Kh3 Kf3 63. Be1 Ne5 64. Kh2 Nxg4+ 65. Kh1 Nf6 66.
Bc3 Nxh5 67. Kg1 Ng3 68. Kh2 h5 69. Bb2 Ne2 70. Kh3 Nf4+ 71. Kh2 Bh4 72. Bc3
Bg3+ 73. Kh1 h4 74. Bd4 h3 75. Bc5 Nd3 76. Kg1 Bf4 77. Ba7 Nxb4 78. Kh1 Nc6 79.
Bb6 Bg3 80. Bc5 Nxa5 81. Bb4 Nc4 82. Be7 Ne5 83. Bd8 Nd3 84. Bb6 a5 85. Ba7 a4
86. Kg1 a3 87. Bd4 a2 88. Kf1 h2 89. Be3 h1=Q+ 90. Bg1 a1=Q# 0-1

[Event "?"]
[Site "ICS rated blitz match, 164.58"]
[Date "1997.??.??"]
[Round "?"]
[White "Brause"]
[Black "oldtimer"]
[Result "1-0"]
[WhiteElo "2345"]
[BlackElo "2130"]
[PlyCount "245"]

1. e4 e5 2. Nf3 Nc6 3. Nc3 Nf6 4. Nxe5 Nxe5 5. d4 Ng6 6. e5 Ng8 7. Bc4 d5 8.
Bxd5 c6 9. Be4 f5 10. Bf3 Bb4 11. O-O N8e7 12. Ne2 Be6 13. c3 Ba5 14. Nf4 Nxf4
15. Bxf4 O-O 16. Bg5 h6 17. Bd2 Bb6 18. g3 Qc7 19. Bg2 c5 20. dxc5 Bxc5 21. b4
Bb6 22. Re1 Rad8 23. Qc1 Kh7 24. a4 a6 25. a5 Ba7 26. Rb1 Bd5 27. Qc2 Bxg2 28.
Kxg2 Qc4 29. Rb2 Rfe8 30. f3 Qd3 31. e6 Qxc2 32. Rxc2 Ng6 33. Bc1 Rd6 34. Rce2
Re7 35. Ba3 b5 36. axb6 Rxb6 37. b5 axb5 38. Bxe7 Nxe7 39. Ra1 Bb8 40. Rd1 Kg6
41. Rd8 Bd6 42. Kf1 Rc6 43. f4 Nc8 44. Rd2 Be7 45. R8d5 Nd6 46. R2d3 Kf6 47.
Re5 Rc4 48. Kg2 Rc6 49. Kf1 Rb6 50. Rdd5 Ra6 51. Re1 Ra2 52. Kg1 Rc2 53. Re3
Rb2 54. Ree5 g6 55. Rc5 Ne4 56. Rxb5 Rxb5 57. Rxb5 Nxc3 58. Rb8 Ne4 59. Rh8 h5
60. Rg8 Nc5 61. Kf2 Nxe6 62. Rc8 Nc5 63. Rc6+ Kf7 64. Ke3 Ne4 65. Kd4 Nf2 66.
Rc2 Ng4 67. Rd2 Ke6 68. Re2+ Kd6 69. Ra2 Bf6+ 70. Kc4 Ne3+ 71. Kb5 Nd5 72. Ra6+
Ke7 73. Kc4 Ne3+ 74. Kc5 Kf7 75. Ra2 Nd1 76. Ra7+ Be7+ 77. Kc6 Nf2 78. Rd7 Ke6
79. Rd5 Ne4 80. Re5+ Kf7 81. Rd5 h4 82. gxh4 Bxh4 83. Rd7+ Be7 84. Rd3 Nf6 85.
Rf3 Nh5 86. Kd5 Bf6 87. Rf2 Bc3 88. Rf3 Bd2 89. Ke5 Bc1 90. Rf1 Bb2+ 91. Kd5
Bf6 92. Rf2 Bd8 93. Kc6 Ba5 94. Ra2 Bd2 95. Rxd2 Nxf4 96. Kd6 Kf6 97. h4 g5 98.
hxg5+ Kxg5 99. Ke5 Ng6+ 100. Kd4 Kf6 101. Ra2 Nf4 102. Ra6+ Kg5 103. Ra8 Ng6
104. Kd5 Nf4+ 105. Ke5 Ng6+ 106. Kd4 Kf4 107. Kd5 Kf3 108. Ra3+ Kg4 109. Ra1
Nf4+ 110. Ke5 Ng6+ 111. Kf6 Nh4 112. Rg1+ Kf4 113. Rg7 Nf3 114. Rd7 Ke4 115.
Re7+ Kf4 116. Re6 Kg4 117. Rc6 f4 118. Rc7 Nd2 119. Rd7 Nf3 120. Rg7+ Ng5 121.
Rxg5+ Kh3 122. Rf5 Kg3 123. Ke5 1-0

[Event "?"]
[Site "ICS rated blitz match, 164.58"]
[Date "1997.??.??"]
[Round "?"]
[White "Brause"]
[Black "oldtimer"]
[Result "0-1"]
[WhiteElo "2350"]
[BlackElo "2125"]
[PlyCount "184"]

1. e4 e5 2. Nf3 Nc6 3. Nc3 Nf6 4. Nxe5 Nxe5 5. d4 Ng6 6. e5 Ng8 7. Bc4 d5 8.
Bxd5 c6 9. Be4 f5 10. Bf3 Bb4 11. O-O N8e7 12. Ne2 Be6 13. c3 Ba5 14. Nf4 Nxf4
15. Bxf4 O-O 16. Bg5 h6 17. Bd2 Bb6 18. g3 Qc7 19. Bg2 c5 20. dxc5 Bxc5 21. b4
Bb6 22. Re1 Rad8 23. Qc1 Kh7 24. a4 a6 25. a5 Ba7 26. Ra3 Bd5 27. Re2 Bxg2 28.
Kxg2 Qc4 29. Qe1 Rfe8 30. h4 Ng6 31. f4 Nf8 32. Ra1 Ne6 33. Kh2 Rd3 34. Rd1
Red8 35. Rb1 Qd5 36. Rb2 Qf3 37. Rg2 g5 38. fxg5 hxg5 39. Qe2 g4 40. h5 f4 41.
Be1 Qxe2 42. Rgxe2 f3 43. Red2 Kh6 44. Rxd3 Rxd3 45. c4 Bd4 46. Rd2 f2 47. Rxf2
Bxf2 48. Bxf2 Kxh5 49. b5 Rd2 50. Kg1 Rd1+ 51. Kg2 Rc1 52. bxa6 bxa6 53. Ba7
Rc2+ 54. Kf1 Kg6 55. Ke1 Kf5 56. Bb6 Kxe5 57. c5 Nd4 58. Kd1 Rh2 59. Ke1 Ke4
60. Bc7 Ke3 61. Bf4+ Kd3 62. Bc7 Ra2 63. Kf1 Ke3 64. Bf4+ Ke4 65. Ke1 Rxa5 66.
Bd6 Ra2 67. Bc7 a5 68. Kd1 a4 69. c6 Nxc6 70. Bd6 Nd4 71. Ke1 Kd3 72. Kf1 Nf5
73. Bf4 Rc2 74. Bg5 Nxg3+ 75. Kg1 Ke4 76. Bh4 Kf3 77. Bxg3 Kxg3 78. Kf1 Kf3 79.
Ke1 Ke3 80. Kf1 Re2 81. Kg1 Rf2 82. Kh1 Kf3 83. Kg1 Kg3 84. Kh1 Kh3 85. Kg1 Rf3
86. Kh1 a3 87. Kg1 a2 88. Kh1 a1=B 89. Kg1 g3 90. Kh1 Bc3 91. Kg1 Bd4+ 92. Kh1
g2# 0-1

[Event "?"]
[Site "ICS rated blitz match, 164.58"]
[Date "1997.??.??"]
[Round "?"]
[White "Brause"]
[Black "oldtimer"]
[Result "1/2-1/2"]
[WhiteElo "2325"]
[BlackElo "2150"]
[PlyCount "93"]

1. e4 e5 2. Nf3 Nc6 3. Nc3 Nf6 4. Nxe5 Nxe5 5. d4 Ng6 6. e5 Ng8 7. Bc4 d5 8.
Bxd5 c6 9. Be4 f5 10. Bf3 Bb4 11. O-O N8e7 12. Ne2 Be6 13. c3 Ba5 14. Bg5 Qd7
15. Qa4 Bb6 16. g3 O-O 17. Qd1 h6 18. Bc1 Bd5 19. Bxd5+ Qxd5 20. Be3 Rac8 21.
Bf4 Qf3 22. Bd2 Kh7 23. Qe1 c5 24. a4 a6 25. Ra3 Qd5 26. a5 Ba7 27. Be3 cxd4
28. cxd4 Qe6 29. d5 Nxd5 30. Bxa7 Qxe5 31. Nc3 Qxe1 32. Rxe1 Nxc3 33. bxc3 Rfe8
34. Rb1 Rc7 35. Rab3 Ree7 36. Kf1 Kg8 37. h3 h5 38. Bb6 Rcd7 39. Bc5 Rf7 40.
Rb6 Ne5 41. Ra1 Nc6 42. Rb2 Rd5 43. Bb6 Rdd7 44. Bc5 Rd5 45. Bb6 Ne5 46. Rb4
Nc6 47. Rb2 1/2-1/2

[Event "?"]
[Site "ICS rated blitz match, 164.58"]
[Date "1997.??.??"]
[Round "?"]
[White "Brause"]
[Black "oldtimer"]
[Result "0-1"]
[WhiteElo "2320"]
[BlackElo "2155"]
[PlyCount "186"]

1. e4 e5 2. Nf3 Nc6 3. Nc3 Nf6 4. Nxe5 Nxe5 5. d4 Ng6 6. e5 Ng8 7. Bc4 d5 8.
Bxd5 c6 9. Be4 f5 10. Bf3 Bb4 11. O-O N8e7 12. Ne2 Be6 13. c3 Ba5 14. Nf4 Nxf4
15. Bxf4 O-O 16. Bg5 h6 17. Bd2 Bb6 18. g3 Qc7 19. Bg2 c5 20. dxc5 Bxc5 21. b4
Bb6 22. Re1 Rad8 23. Qc1 Kh7 24. a4 a6 25. a5 Ba7 26. Ra3 Bd5 27. Re2 Bxg2 28.
Kxg2 Qc4 29. Qe1 Rfe8 30. e6 Ng6 31. h4 Re7 32. f3 Nf8 33. Ra1 Rxe6 34. Rxe6
Qxe6 35. Bf4 Qxe1 36. Rxe1 Ng6 37. Bc1 Rd7 38. h5 Ne7 39. Re2 Kg8 40. Rd2 Rxd2+
41. Bxd2 Kf7 42. c4 Bd4 43. b5 Ke6 44. Kf1 Ng8 45. Ke2 Nf6 46. Kd3 Ba1 47. Be1
Nxh5 48. c5 Kd5 49. c6 bxc6 50. bxa6 Bd4 51. Kc2 Ba7 52. Kd2 Kc4 53. Kc2 Kb5
54. Kb3 g5 55. f4 gxf4 56. gxf4 Nxf4 57. Kc2 h5 58. Kd1 Kxa6 59. Bd2 Ne6 60.
Ke2 Bc5 61. Kd1 Kb5 62. Ke2 Nd4+ 63. Kf1 Nb3 64. Be1 Nxa5 65. Ke2 Nb3 66. Kd3
Bd6 67. Bc3 Nc5+ 68. Ke2 Kc4 69. Bf6 Ne6 70. Kf2 Kd3 71. Bb2 h4 72. Kg2 Ng5 73.
Bf6 h3+ 74. Kh1 Ne4 75. Bh4 Ke2 76. Kg1 c5 77. Kh1 c4 78. Kg1 c3 79. Be7 Be5
80. Bh4 c2 81. Be1 Kxe1 82. Kh1 Ke2 83. Kg1 Nd2 84. Kh1 Kf3 85. Kg1 c1=N 86.
Kh1 Kg3 87. Kg1 Ne2+ 88. Kh1 Nd4 89. Kg1 N4b3 90. Kh1 Nc1 91. Kg1 Nd3 92. Kh1
Nf2+ 93. Kg1 h2# 0-1

[Event "?"]
[Site "ICS rated blitz match, 164.58"]
[Date "1997.??.??"]
[Round "?"]
[White "Brause"]
[Black "jtp"]
[Result "1-0"]
[WhiteElo "2335"]
[BlackElo "2035"]
[PlyCount "31"]

1. e4 e5 2. Nf3 Nc6 3. Nc3 Nf6 4. Nxe5 Nxe5 5. d4 Ng6 6. e5 Ng8 7. Bc4 d5 8.
Bxd5 Be6 9. Bxb7 Rb8 10. Bc6+ Bd7 11. Bf3 f6 12. Be4 f5 13. Bd5 N8e7 14. Bb3
Nc6 15. O-O Nb4 16. a3 1-0

[Event "?"]
[Site "ICS rated blitz match, 164.58"]
[Date "1997.??.??"]
[Round "?"]
[White "Brause"]
[Black "jtp"]
[Result "1-0"]
[WhiteElo "2340"]
[BlackElo "2030"]
[PlyCount "35"]

1. e4 Nf6 2. Nc3 e5 3. Nf3 Nc6 4. Nxe5 Nxe5 5. d4 Bb4 6. dxe5 Nxe4 7. Qg4 d5 8.
Qxg7 Rf8 9. Qxh7 Nxc3 10. a3 Ba5 11. Bd2 Qe7 12. f4 Qc5 13. bxc3 Bxc3 14. Rd1
Qe3+ 15. Be2 Bg4 16. Qd3 Bxd2+ 17. Rxd2 d4 18. Qxd4 1-0

[Event "?"]
[Site "ICS rated blitz match, 164.58"]
[Date "1997.??.??"]
[Round "?"]
[White "Brause"]
[Black "jtp"]
[Result "1-0"]
[WhiteElo "2350"]
[BlackElo "2020"]
[PlyCount "49"]

1. e4 Nf6 2. Nc3 Nc6 3. Nf3 e5 4. Nxe5 Nxe5 5. d4 Bb4 6. dxe5 Nxe4 7. Qg4 d5 8.
Qxg7 Rf8 9. Qxh7 Nxc3 10. a3 Ba5 11. Bd2 d4 12. f4 Qd5 13. bxc3 dxc3 14. Bc1
Be6 15. Qd3 O-O-O 16. Qxd5 Rxd5 17. Bc4 Rd4 18. Bxe6+ fxe6 19. Ke2 Rfd8 20. g4
Bb6 21. h4 Rd2+ 22. Bxd2 Rxd2+ 23. Kf3 Rxc2 24. h5 Rd2 25. h6 1-0

[Event "?"]
[Site "ICS rated blitz match, 164.58"]
[Date "1997.??.??"]
[Round "?"]
[White "Brause"]
[Black "jtp"]
[Result "1-0"]
[WhiteElo "2355"]
[BlackElo "2015"]
[PlyCount "34"]

1. e4 Nf6 2. Nc3 Nc6 3. Nf3 e5 4. Nxe5 Nxe5 5. d4 Bb4 6. dxe5 Nxe4 7. Qg4 d5 8.
Qxg7 Rf8 9. Qxh7 Nxc3 10. a3 Ba5 11. Bd2 c6 12. bxc3 Qe7 13. Qh6 Qxe5+ 14. Qe3
Qxe3+ 15. fxe3 Bd7 16. O-O-O O-O-O 17. c4 Be6 1-0

[Event "?"]
[Site "ICS rated blitz match, 164.58"]
[Date "1997.??.??"]
[Round "?"]
[White "Brause"]
[Black "jtp"]
[Result "1-0"]
[WhiteElo "2355"]
[BlackElo "2015"]
[PlyCount "24"]

1. e4 Nf6 2. Nc3 Nc6 3. Nf3 e5 4. Nxe5 Nxe5 5. d4 Nc6 6. d5 Bb4 7. dxc6 dxc6 8.
Qxd8+ Kxd8 9. Bd2 Be6 10. O-O-O Ke7 11. Bd3 Rad8 12. e5 Nd5 1-0

[Event "?"]
[Site "ICS rated blitz match, 164.58"]
[Date "1997.??.??"]
[Round "?"]
[White "Brause"]
[Black "jtp"]
[Result "1-0"]
[WhiteElo "2360"]
[BlackElo "2010"]
[PlyCount "37"]

1. e4 Nf6 2. Nc3 Nc6 3. Nf3 e5 4. Nxe5 Nxe5 5. d4 Nc6 6. d5 Nb8 7. e5 Ng8 8. d6
Nc6 9. Nb5 cxd6 10. exd6 Bxd6 11. Qxd6 Qe7+ 12. Be3 Qxd6 13. Nxd6+ Kf8 14. Bc4
Nh6 15. Bxh6 gxh6 16. Bxf7 Ke7 17. O-O-O Rf8 18. Rhe1+ Kf6 19. Bh5 1-0

[Event "?"]
[Site "ICS rated blitz match, 164.58"]
[Date "1997.??.??"]
[Round "?"]
[White "Brause"]
[Black "Pomme"]
[Result "1-0"]
[WhiteElo "2365"]
[BlackElo "1850"]
[PlyCount "41"]

1. e4 Nc6 2. Nf3 e5 3. Nc3 Nf6 4. Nxe5 Nxe5 5. d4 Ng6 6. e5 Bb4 7. exf6 Qxf6 8.
Bc4 O-O 9. O-O c6 10. Ne4 Qh4 11. Ng5 d5 12. g3 Qg4 13. Be2 Qd7 14. c3 Be7 15.
Bd3 Bxg5 16. Bxg5 f6 17. Be3 Qh3 18. Re1 Bg4 19. f3 Bf5 20. Bf1 Qh5 21. g4 1-0

[Event "?"]
[Site "ICS rated blitz match, 164.58"]
[Date "1997.??.??"]
[Round "?"]
[White "Brause"]
[Black "oldtimer"]
[Result "0-1"]
[WhiteElo "2370"]
[BlackElo "2170"]
[PlyCount "148"]

1. e4 e5 2. Nf3 Nc6 3. Nc3 Nf6 4. Nxe5 Nxe5 5. d4 Ng6 6. e5 Ng8 7. Bc4 d5 8.
Bxd5 c6 9. Be4 f5 10. Bf3 Bb4 11. O-O N8e7 12. Ne2 Be6 13. c3 Ba5 14. Nf4 Nxf4
15. Bxf4 O-O 16. Bg5 h6 17. Bd2 Bb6 18. g3 Qc7 19. Bg2 c5 20. dxc5 Bxc5 21. b4
Bb6 22. Re1 Rad8 23. Qc1 Kh7 24. a4 a6 25. a5 Ba7 26. Ra3 Bd5 27. Re2 Bxg2 28.
Kxg2 Qc4 29. Qe1 Rfe8 30. e6 Ng6 31. h4 Nxh4+ 32. gxh4 Qg4+ 33. Kf1 Qh3+ 34.
Kg1 Rd3 35. Re3 Bxe3 36. Bxe3 Rxe6 37. Qe2 Rg6+ 38. Bg5 Qf3 39. Qxf3 Rxf3 40.
Kg2 Rd3 41. Kf1 hxg5 42. hxg5 Rc6 43. Ra2 Rcxc3 44. Re2 Kg6 45. Re7 Rd2 46.
Rxb7 Rcc2 47. Ke1 Re2+ 48. Kd1 Rcd2+ 49. Kc1 Rxf2 50. Ra7 Ra2 51. Kb1 Rfb2+ 52.
Kc1 Rxb4 53. Rxa6+ Kxg5 54. Rc6 Rh4 55. Kb1 Rxa5 56. Rc7 Rh2 57. Rxg7+ Kf4 58.
Rg8 Re5 59. Rg1 Ree2 60. Kc1 Ke4 61. Kb1 f4 62. Kc1 f3 63. Rf1 Ke3 64. Rg1 Rc2+
65. Kb1 Rb2+ 66. Ka1 Ra2+ 67. Kb1 Rhb2+ 68. Kc1 f2 69. Rh1 Ke2 70. Rh2 Kf3 71.
Rh1 Kg2 72. Rd1 f1=R 73. Rxf1 Kxf1 74. Kd1 Rb1# 0-1

[Event "?"]
[Site "ICS rated blitz match, 164.58"]
[Date "1997.??.??"]
[Round "?"]
[White "Brause"]
[Black "oldtimer"]
[Result "0-1"]
[WhiteElo "2355"]
[BlackElo "2180"]
[PlyCount "186"]

1. e4 e5 2. Nf3 Nc6 3. Nc3 Nf6 4. Nxe5 Nxe5 5. d4 Ng6 6. e5 Ng8 7. Bc4 d5 8.
Bxd5 c6 9. Be4 f5 10. Bf3 Bb4 11. O-O N8e7 12. Ne2 Be6 13. c3 Ba5 14. Bg5 Qd7
15. Qa4 Bb6 16. g3 O-O 17. Qc2 Bc4 18. b3 Bxe2 19. Qxe2 Qe6 20. Rfe1 h6 21. Bd2
Rad8 22. h4 Rfe8 23. Bg2 Nf8 24. h5 Rd7 25. Red1 c5 26. dxc5 Bxc5 27. Rac1 Red8
28. Rc2 Nc6 29. Re1 Re8 30. Bf4 Kh8 31. b4 Bb6 32. b5 Ne7 33. a4 Rc8 34. Rcc1
Rdc7 35. Qb2 Nd5 36. Bd2 Rc4 37. Bf1 Rg4 38. c4 Rxg3+ 39. Kh2 Bxf2 40. Bb4 Nxb4
41. Qxf2 Rg5 42. Qf3 b6 43. a5 bxa5 44. Kh1 Qe8 45. Be2 Qxe5 46. Bd3 Qg3 47.
Qxg3 Rxg3 48. Bxf5 Rc5 49. Rf1 Rg5 50. Bh3 Nh7 51. Rcd1 Nf6 52. Rd8+ Kh7 53.
Rf3 Rxh5 54. Rd4 Rhg5 55. Rf2 Kg6 56. Bg2 a4 57. Rb2 a5 58. bxa6 Nxa6 59. Ra2
Ra5 60. Bf3 a3 61. Ra1 a2 62. Rd2 Ra3 63. Bg2 Rga5 64. Kh2 Nc5 65. Rb2 Nb3 66.
Raxa2 Rxa2 67. Rxb3 Rc2 68. Rg3+ Kh7 69. Kg1 Ra1+ 70. Kh2 Rxc4 71. Rf3 Rh4+ 72.
Kg3 Rg4+ 73. Kh3 Rg5 74. Rf1 Ra2 75. Bf3 Ra3 76. Kh2 Ng4+ 77. Bxg4 Rxg4 78. Re1
h5 79. Re2 Kh6 80. Rd2 h4 81. Rf2 Rgg3 82. Rc2 Kh5 83. Rf2 Kg4 84. Rd2 Rh3+ 85.
Kg2 Rag3+ 86. Kf1 Rh1+ 87. Ke2 Rh2+ 88. Kd1 Rxd2+ 89. Kxd2 h3 90. Kc2 h2 91.
Kb2 h1=Q 92. Kc2 Qh2+ 93. Kd1 Rg1# 0-1

[Event "?"]
[Site "ICS rated blitz match, 164.58"]
[Date "1997.??.??"]
[Round "?"]
[White "Brause"]
[Black "Fik"]
[Result "1-0"]
[WhiteElo "2345"]
[BlackElo "1935"]
[PlyCount "21"]

1. e4 e5 2. Nf3 Nc6 3. Nc3 Nf6 4. Nxe5 Nxe5 5. d4 Nc6 6. d5 Nb8 7. e5 Ng8 8. d6
Nc6 9. Nb5 cxd6 10. exd6 Qa5+ 11. Bd2 1-0

[Event "?"]
[Site "ICS rated blitz match, 164.58"]
[Date "1997.??.??"]
[Round "?"]
[White "Brause"]
[Black "oldtimer"]
[Result "0-1"]
[WhiteElo "2335"]
[BlackElo "2190"]
[PlyCount "168"]

1. e4 e5 2. Nf3 Nc6 3. Nc3 Nf6 4. Nxe5 Nxe5 5. d4 Ng6 6. e5 Ng8 7. Bc4 d5 8.
Bxd5 c6 9. Be4 f5 10. Bf3 Bb4 11. O-O N8e7 12. Ne2 Be6 13. c3 Ba5 14. Nf4 Nxf4
15. Bxf4 O-O 16. Bg5 h6 17. Bd2 Bb6 18. g3 Qc7 19. Bg2 c5 20. dxc5 Bxc5 21. b4
Bb6 22. Re1 Rad8 23. Qc1 Kh7 24. a4 a6 25. a5 Ba7 26. Rb1 Bd5 27. Qc2 Bxg2 28.
Kxg2 Qc4 29. Rb2 Rd3 30. Qc1 Rfd8 31. Kg1 Re8 32. Qc2 Rd5 33. Qb1 Ng6 34. e6
Rb5 35. Rf1 Rxe6 36. Rc2 Re2 37. Rb2 Rbe5 38. h3 Qe4 39. Qxe4 R5xe4 40. Bc1
Rxb2 41. Bxb2 Re2 42. Bc1 Ne5 43. Bf4 Nd3 44. Be3 Bxe3 45. fxe3 Kg6 46. b5 axb5
47. Rb1 Re1+ 48. Rxe1 Nxe1 49. Kf2 Nd3+ 50. Ke2 Ne5 51. Kd1 Nc4 52. Ke2 Nxa5
53. Kd3 Nc6 54. Kc2 Kg5 55. Kd2 h5 56. Ke2 h4 57. Kf3 Ne5+ 58. Kg2 Kh5 59. Kf2
g5 60. Kg2 hxg3 61. Kxg3 Nc4 62. Kf3 Kh4 63. Kf2 Kxh3 64. e4 f4 65. e5 Nxe5 66.
Kf1 Kh2 67. Ke1 Kg2 68. c4 bxc4 69. Kd2 b5 70. Kc3 Nc6 71. Kc2 Kf2 72. Kd2 b4
73. Kd1 Nd4 74. Kc1 Ke2 75. Kb2 Kd2 76. Kb1 Ne2 77. Ka2 Kc3 78. Ka1 Kb3 79. Kb1
g4 80. Ka1 Ka3 81. Kb1 b3 82. Ka1 c3 83. Kb1 c2+ 84. Ka1 b2# 0-1

[Event "?"]
[Site "ICS rated blitz match, 164.58"]
[Date "1997.??.??"]
[Round "?"]
[White "Brause"]
[Black "oldtimer"]
[Result "0-1"]
[WhiteElo "2325"]
[BlackElo "2205"]
[PlyCount "100"]

1. e4 e5 2. Nf3 Nc6 3. Nc3 Nf6 4. Nxe5 Nxe5 5. d4 Ng6 6. e5 Ng8 7. Bc4 d5 8.
Bxd5 c6 9. Be4 f5 10. Bf3 Bb4 11. O-O N8e7 12. Ne2 Be6 13. c3 Ba5 14. Nf4 Nxf4
15. Bxf4 O-O 16. Bg5 h6 17. Bd2 Bb6 18. g3 Qc7 19. Bg2 c5 20. dxc5 Bxc5 21. b4
Bb6 22. Re1 Rad8 23. Qc1 Kh7 24. a4 a6 25. a5 Ba7 26. Ra3 Bd5 27. Re2 Bxg2 28.
Kxg2 Qc4 29. Qe1 Rfe8 30. e6 Ng6 31. h4 Nxh4+ 32. gxh4 Qg4+ 33. Kf1 Qh3+ 34.
Kg1 Rd3 35. Re3 Bxe3 36. Bxe3 Qg4+ 37. Kf1 Rd1 38. Ra1 Qc4+ 39. Kg2 Rxe1 40.
Rxe1 Rxe6 41. f4 Rg6+ 42. Kf2 Qe4 43. Rg1 Rxg1 44. Kxg1 Qxe3+ 45. Kg2 Kg6 46.
Kf1 Kh5 47. Kg2 Kg4 48. b5 Qe2+ 49. Kg1 Kg3 50. bxa6 Qe1# 0-1

[Event "?"]
[Site "ICS rated blitz match, 164.58"]
[Date "1997.??.??"]
[Round "?"]
[White "Brause"]
[Black "oldtimer"]
[Result "0-1"]
[WhiteElo "2310"]
[BlackElo "2225"]
[PlyCount "204"]

1. e4 e5 2. Nf3 Nc6 3. Nc3 Nf6 4. Nxe5 Nxe5 5. d4 Ng6 6. e5 Ng8 7. Bc4 d5 8.
Bxd5 c6 9. Be4 f5 10. Bf3 Bb4 11. O-O N8e7 12. Ne2 Be6 13. c3 Ba5 14. Nf4 Nxf4
15. Bxf4 O-O 16. Bg5 h6 17. Bd2 Bb6 18. Qc2 Qc7 19. Rac1 c5 20. Qa4 Rad8 21.
Rfd1 Qd7 22. Qa3 cxd4 23. cxd4 Nd5 24. Ba5 Bxa5 25. Qxa5 b6 26. Qd2 Rc8 27. b3
Rxc1 28. Rxc1 Rc8 29. Rc4 b5 30. Rc5 Rxc5 31. dxc5 b4 32. g3 a5 33. Qd3 Nc7 34.
Qd6 Qxd6 35. exd6 Na6 36. c6 Kf7 37. Bh5+ Kf8 38. h4 g6 39. Bxg6 Nc5 40. g4
fxg4 41. Kh2 Bd5 42. c7 Be6 43. Bh5 Nb7 44. Kg3 Nxd6 45. Bxg4 Ke7 46. Be2 Kd7
47. Kf4 Kxc7 48. Bd3 Nf7 49. Ke4 Kd7 50. f4 Ke7 51. Kd4 Kd6 52. Be4 Nd8 53. f5
Bf7 54. Bd3 Nc6+ 55. Ke4 Bd5+ 56. Kf4 Ke7 57. Ba6 Kf6 58. Be2 Ne7 59. Bd3 Bc6
60. Kg4 Bd7 61. Kh5 Nxf5 62. Kg4 Ng7+ 63. Kf4 Ne6+ 64. Ke3 Ke5 65. Bf1 Nf4 66.
Kd2 Kd4 67. Bc4 Ng2 68. Ke2 Nxh4 69. Kd2 Bf5 70. Be2 Ng2 71. Bf3 Nf4 72. Bc6 h5
73. Ke1 Ke3 74. Be8 h4 75. Kf1 Ne2 76. Kg2 Nf4+ 77. Kf1 Bb1 78. Kg1 Bxa2 79.
Ba4 Bb1 80. Kh1 Be4+ 81. Kh2 Bd5 82. Kg1 Kf3 83. Kh2 Be6 84. Bc6+ Kg4 85. Ba4
Bd5 86. Bd7+ Kf3 87. Ba4 Be6 88. Bc6+ Ke3 89. Ba4 Kf2 90. Kh1 Kg3 91. Kg1 Bd5
92. Kf1 h3 93. Ke1 h2 94. Kd2 h1=Q 95. Bb5 Qe4 96. Kc1 Bxb3 97. Bd3 Qe1+ 98.
Kb2 Qc3+ 99. Kb1 Bd5 100. Bc2 Ne2 101. Bb3 Qxb3+ 102. Ka1 Qa2# 0-1

[Event "?"]
[Site "ICS rated blitz match, 164.58"]
[Date "1997.??.??"]
[Round "?"]
[White "Brause"]
[Black "oldtimer"]
[Result "1-0"]
[WhiteElo "2310"]
[BlackElo "2235"]
[PlyCount "79"]

1. e4 e5 2. Nf3 Nc6 3. Nc3 Nf6 4. Nxe5 Nxe5 5. d4 Ng6 6. e5 Ng8 7. Bc4 d5 8.
Bxd5 c6 9. Be4 f5 10. Bf3 Bb4 11. O-O N8e7 12. Ne2 Be6 13. Bg5 Qd7 14. c3 Ba5
15. Qa4 Bb6 16. c4 Bxd4 17. Rad1 c5 18. Qxd7+ Bxd7 19. Nxd4 cxd4 20. Rxd4 Bc6
21. Bh5 O-O 22. b4 a6 23. h3 h6 24. Bxe7 Nxe7 25. Rd6 Rac8 26. Re1 Rc7 27. a3
Be8 28. Bf3 Bc6 29. Bh5 Kh7 30. Red1 g6 31. Be2 Nc8 32. b5 axb5 33. cxb5 Be8
34. R6d4 Kg7 35. R1d2 Rff7 36. Bc4 Rfe7 37. f4 Bf7 38. Bxf7 Kxf7 39. Kf2 Nb6
40. Rd6 1-0

[Event "?"]
[Site "ICS rated blitz match, 164.58"]
[Date "1997.??.??"]
[Round "?"]
[White "Brause"]
[Black "oldtimer"]
[Result "1-0"]
[WhiteElo "2320"]
[BlackElo "2230"]
[PlyCount "41"]

1. e4 e5 2. Nf3 Nc6 3. Nc3 Nf6 4. Nxe5 Nxe5 5. d4 Ng6 6. e5 Ng8 7. Bc4 d5 8.
Bxd5 c6 9. Be4 f5 10. Bf3 Bb4 11. O-O N8e7 12. Ne2 Be6 13. Bg5 h6 14. Bxe7 Nxe7
15. c3 Ba5 16. Bh5+ Kf8 17. Nf4 Qd7 18. Qa4 Bb6 19. Qb4 Kg8 20. Qd6 Rd8 21.
Qxe6+ 1-0

[Event "?"]
[Site "ICS rated blitz match, 164.58"]
[Date "1997.??.??"]
[Round "?"]
[White "Brause"]
[Black "oldtimer"]
[Result "1-0"]
[WhiteElo "2325"]
[BlackElo "2225"]
[PlyCount "77"]

1. e4 e5 2. Nf3 Nc6 3. Nc3 Nf6 4. Nxe5 Nxe5 5. d4 Ng6 6. e5 Ng8 7. Bc4 d5 8.
Bxd5 c6 9. Be4 f5 10. Bf3 Bb4 11. O-O N8e7 12. Ne2 O-O 13. c3 Ba5 14. b4 Bb6
15. Qb3+ Kh8 16. g3 Qe8 17. Bg5 Qf7 18. Qxf7 Rxf7 19. a4 Be6 20. Bxe7 Rxe7 21.
a5 Bd8 22. a6 Bd5 23. axb7 Rxb7 24. Bxd5 cxd5 25. Rfd1 Rc8 26. Rd3 Kg8 27. Ra6
Bb6 28. Rf3 Rf7 29. Kh1 Kf8 30. Kg2 Ke7 31. Nc1 f4 32. Ra3 Ke6 33. Nd3 Rcf8 34.
Ra6 Ke7 35. Nc5 Rc8 36. Na4 fxg3 37. Nxb6 Nh4+ 38. Kh3 axb6 39. Ra7+ 1-0

[Event "?"]
[Site "ICS rated blitz match, 164.58"]
[Date "1997.??.??"]
[Round "?"]
[White "Brause"]
[Black "oldtimer"]
[Result "1-0"]
[WhiteElo "2330"]
[BlackElo "2215"]
[PlyCount "76"]

1. e4 e5 2. Nf3 Nc6 3. Nc3 Nf6 4. Nxe5 Nxe5 5. d4 Ng6 6. e5 Ng8 7. Bc4 d5 8.
Bxd5 c6 9. Be4 f5 10. Bf3 Bb4 11. O-O Bxc3 12. bxc3 N8e7 13. Bg5 h6 14. Be3 Be6
15. Qb1 b5 16. a4 a6 17. axb5 axb5 18. Rxa8 Qxa8 19. Qxb5 cxb5 20. Bxa8 Kd7 21.
Ra1 Rc8 22. Ra6 Nf8 23. d5 Nxd5 24. Bxd5 Bxd5 25. Rd6+ Ke7 26. Rxd5 Ne6 27.
Rxb5 Rxc3 28. Rb7+ Ke8 29. Rb2 f4 30. Bb6 Kd7 31. Kf1 f3 32. gxf3 g5 33. Be3
Nf4 34. Rb6 Rxc2 35. Rd6+ Ke7 36. Rxh6 Ne6 37. Rg6 Kf7 38. Rf6+ Ke7 1-0

[Event "?"]
[Site "ICS rated blitz match, 164.58"]
[Date "1997.??.??"]
[Round "?"]
[White "Brause"]
[Black "oldtimer"]
[Result "1-0"]
[WhiteElo "2335"]
[BlackElo "2210"]
[PlyCount "26"]

1. e4 e5 2. Nf3 Nc6 3. Nc3 Nf6 4. Nxe5 Nxe5 5. d4 Ng6 6. e5 Ng8 7. Bc4 d5 8.
Bxd5 c6 9. Be4 f5 10. Bf3 Bb4 11. O-O Bxc3 12. bxc3 Be6 13. Rb1 b5 1-0